Statistics for American Dad! Characters Quiz

Click here to take the quiz!

General Stats

  • This quiz has been taken 811 times
  • The average score is 8 of 12

Answer Stats

Actor/ActressCharacter% Correct
Seth MacFarleneStan Smith
99%
Roger Smith
93%
Wendy SchaalFrancine Smith
89%
Jeff FischerJeff Fischer
73%
Scott GrimesSteve Smith
66%
Dee Bradley BakerKlaus Heissler
62%
Patrick StewartAvery Bullock
60%
Rachael MacFarleneHayley Smith
51%
Curtis ArmstrongSnot Lonstein
50%
Eddie Kaye ThomasBarry
45%
Daisuke SuzukiToshi Yoshida
44%
Kevin Michael RichardsonPrincipal Lewis
25%

Score Distribution

Percentile by Number Answered

Percent of People with Each Score

Your Score History

You have not taken this quiz